U2 or Midnight Oil? Sudden Death - Statistics

General Stats
  • This quiz has been taken 40 times
    35 since last reset
  • The average score is 11 of 12
Answers on the Grid
Answers color-coded by a green-red scale on the quiz's grid according to % correct below.
I Will Follow
Beds are Burning
Fire
Sunday Bloody Sunday
Blue Sky Mine
The Dead Heart
Pride (In the Name of Love)
Run by Night
Red Hill Mining Town
Power and the Passion
With or Without You
In God's Country
Desire
Truganini
Forgotten years
Angel of Harlem
One
Mysterious Ways
King of the Mountain
Where the Streets Have No Name
 
Answer Stats
Answer % Correct
Pride (In the Name of Love)
100%
Sunday Bloody Sunday
100%
Where the Streets Have No Name
100%
One
97%
With or Without You
97%
Mysterious Ways
90%
Desire
87%
I Will Follow
87%
Angel of Harlem
83%
In God's Country
80%
Red Hill Mining Town
77%
Fire
70%
No matching quizzes found
Score Distribution
Percent of People with Each Score
Percentile by Number Answered
Your Score History
You have not taken this quiz since the last reset